| 000 | 00850nam a22002057a 4500 | ||
|---|---|---|---|
| 999 |
_c5108 _d5108 |
||
| 003 | AR-CdUCM | ||
| 008 | 190312b ||||| |||| 00| 0 spa d | ||
| 040 |
_aMUNICIPALIDAD PROVINCIAL DEL CUSCO _cBIBLIOTECA MUNICIPAL DEL CUSCO |
||
| 082 |
_a970 / _bB18 |
||
| 100 |
_aAntonio Ballesteros Beretta _915543 |
||
| 245 | _aIntroduccion al Americanismo / | ||
| 260 |
_aMadrid : _bPegaso , _c1947. |
||
| 300 |
_a642 páginas ; _c22.5 cm. |
||
| 505 | _aContenido : ¿Existe una historia de América? -- Clasificacion historica del estudio de America -- El mundo fisico y su influencia -- Historia de la tierra Americana -- El mundo fisico y su influencia -- Configuracion y relieve... | ||
| 650 |
_aHistoria de America _91537 |
||
| 650 |
_aAmericanismo _915544 |
||
| 650 |
_aClasificacion historica de america _915545 |
||
| 942 |
_2ddc _cLIBROS |
||
| 945 | _artm | ||